New English 900 Song ngữ Anh - Việt Book 4

Saved in:
Bibliographic Details
Other Authors: Nguyễn Khuê (dịch và chú giảng)
Format: Book
Language:Vietnamese
Published: HCM. Nxb. Trẻ 1992
Tags: Add Tag
No Tags, Be the first to tag this record!
Institutions: Mạng thư viện Đại học Đà Nẵng
LEADER 00917nam a2200277 4500
001 000015832
003 12216
005 20120605140608.0
008 120605s1992 viesd
041 0 |a vie 
082 |a 428  |b New 
245 1 0 |a New English 900  |b Song ngữ Anh - Việt  |c Nguyễn Khuê  |n Book 4 
260 |a HCM.  |b Nxb. Trẻ  |c 1992 
300 |a 280 tr.  |c 21 cm 
700 |a Nguyễn Khuê  |e dịch và chú giảng 
773 |t New English 900  |w 12208 
OWN |a LSP 
AVA |a UDN50  |b LSP  |d 428 New  |e available  |t Error 5001 Not defined in file expand_doc_bib_avail.  |f 1  |g 0  |h N  |i 0  |k 1 
999 |a From the UDN01 
AVA |a UDN50  |b LSP  |d 428 New  |e available  |t Error 5001 Not defined in file expand_doc_bib_avail.  |f 1  |g 0  |h N  |i 0  |k 1 
TYP |a Monograph 
TYP |a Printed language 
980 |a Mạng thư viện Đại học Đà Nẵng